000 00620nam a2200241Ia 4500
001 32036
005 20240114001550.0
007 ta
008 060817s1376 a g b000 u 346 u
040 _aCotton College,Assam
041 _a346
082 _a891.443
_bD 26 An
100 _aDas, Amarendra .
245 0 _aAnya Taranga /
_cAmarendra Das.
_hTextual Documents
250 _a1st ed. /
260 _aCalcutta :
_bRabindra Library ,
_c1376.
300 _a261p. :
_bill ;
_c22cm .
653 _aBengali Fiction
653 _aG-Bengali
942 _2ddc
_cBK
999 _c32018
_d32018